000 00672nam a2200253 i 4500
001 C2-0105926
003 PPAK
005 20180727101719.0
008 970614s1977 my |||| ||||| | may d
040 _aPPAK
_beng
_cPPAK
_erda
082 0 4 _a158.4
_223
090 0 0 _a158.4
_bYAH
_dKIH
100 0 _aYahya Ismail,
_eauthor
245 1 0 _aKepimpinan Melayu di dalam kebudayaan
264 1 _aKuala Lumpur :
_bUniversiti Malaya ,
_c1977
300 _a29 pages ;
_c27 cm
336 _2rdacontent
_atext
337 _2rdamedia
_aunmediated
338 _2rdacarrier
_avolume
500 _aKertas data No. 15
650 1 0 _aLeadership
700 _eauthor
942 _ddc
_cB
999 _c25725
_d25725